000 00534nam a2200157Ia 4500
008 150610s9999 xx 000 0 und d
020 _a9789718984130 
050 _aBR 455
_b.T161 2006 
100 _aTan, Earnest L. 
245 _aHeart sense :
_byour guide to emotional wellness / 
_cby Earnest L. Tan .
260 _aQuezon City :
_bSpiritus Works Pub.,
_c2006.
300 _a233pages :
_billustrations ;
_c23 cm.
520 _aEmotions. 
650 _aReligious aspects--Christianity
_xEmotions.
650 _xChristian life.
999 _c288225
_d288225